Państwa według jednej podpowiedzi #7 - Statystyki

Ogólne statystyki
  • Ten quiz został rozwiązany 20 275 razy
  • Średni wynik to 7 z 20
Statystyki odpowiedzi
Podpowiedź Państwo % Poprawnych
Zaczęła się tam epoka renesansu. Włochy
88%
W języku angielskim nazwa tego państwa zaczyna się na "Q". Katar
83%
Jest najmniejszym z państw Beneluksu. Luksemburg
78%
Przewidywana wartość państwowej firmy naftowej tego państwa wynosi między 1, a 10 bilionami dolarów. Arabia Saudyjska
64%
Jedne z jego największych miast to Marakesz, Tanger oraz Agadir. Maroko
54%
Leży najbardziej na północ z państw byłej Jugosławii. Słowenia
49%
Mieszka w nim tyle samo koni i ludzi. Mongolia
45%
Jest miejscem, gdzie Dunaj wpływa do Morza Czarnego. Rumunia
45%
Kraj wyspiarski, który był kontrolowany przez Kartagińczyków, Rzymian, Bizantyjczyków, Maurów, Normanów, Hiszpanów, Rycerzy Szpitalników, Francuzów i Brytyjczyków. Malta
30%
Zniosło swoją armię w 1949 roku, leży w Ameryce Środkowej. Kostaryka
26%
Ma największy wskaźnik morderstw na świecie, jego nazwa zaczyna się na "S". Salwador
25%
Są w nim ruiny miasta Majów - Tikál. Gwatemala
24%
Ustabilizowało swoje relacje dyplomatyczne z USA w 2015 roku. Kuba
23%
Jego stolicą jest Akra. Ghana
22%
Graniczy z sześcioma państwami, wliczając w to Nigerię, Kongo i Czad. Kamerun
20%
Uważane jest za państwo skąd pochodzą ziarna kawy. Etiopia
14%
Jako pierwsze (301 rok) uznało chrześcijaństwo jako religię państwową. Armenia
12%
Brytyjczycy pomogli stworzyć to państwo, wysyłając Deklarację Balfoura. Izrael
11%
Jest największym państwem leżącym w Melanezji. Papua-Nowa Gwinea
11%
Jego największe miasto do niedawna było znane pod nazwą Rangun. Mjanma
9%
Nie znaleziono quizów pasujących do podanych kryteriów
Rozkład punktacji
Procent ludzi z każdym wynikiem
Percentyl według liczby udzielonych odpowiedzi
Twoja historia wyników
Nie rozwiązałeś tego quizu